000 00421nam a22001697a 4500
003 NUST - PNEC
005 20170116180835.0
008 150805b xxu||||| |||| 00| 0 eng d
020 _a0070258813
040 _cLIBRARY
082 _a539.7 YAN
100 _94934
_aYang, Fujia
245 _aModern atomic and nuclear physics
_cFujia,Yang
260 _cc 1996
650 _94936
_aNuclear physics
_xME
942 _2ddc
_cBK
999 _c64194
_d64194